000 00781nam a2200229Ii 4500
003 JO-AjNU
008 230605s9999||||xx |||||||||||||| ||und||
017 _a2013/4/1150
020 _a978-9957-76-262-9
040 _aJO-AjNU
_bara
_erda
_cJO-AjNU
041 _aara
050 1 4 _aTP248.2.2014
100 3 _aالحفيظ، عماد محمد ذياب,
_eauthor
_964319
245 0 0 _aالغذاء ومخاطره على الإنسان
250 _aط1
264 3 1 _aعمان: دار الرضوان للنشر والتوزيع، 2014
300 _a175ص
336 _atext
_btxt
_2rdacontent
337 _aunmediated
_bn
_2rdamedia
338 _avolume
_bnc
_2rdacarrier
650 4 _aالتصنيع الغذائي-تكنولوجيا الاغذية-حفظ الاغذية
_964320
999 _aA29223
_c32791
_d32791